书目信息 |
| 题名: |
计算方法典型例题分析
|
|
| 作者: | 孙志忠 编著 | |
| 分册: | ||
| 出版信息: | 北京 科学出版社 2001.03 |
|
| 页数: | 259页 | |
| 开本: | 24cm | |
| 丛书名: | ||
| 单 册: | ||
| 中图分类: | O241 | |
| 科图分类: | ||
| 主题词: | 计算数学 | |
| 电子资源: | ||
| ISBN: | 7-03-008991-X | |
| 000 | 00556nam0 2200193 450 | |
| 001 | 0452477835 | |
| 005 | 20050913162022.62 | |
| 010 | @a7-03-008991-X@dCNY 25.00 | |
| 100 | @a20040409d2001 km y0chiy0120 ea | |
| 101 | 0 | @achi |
| 102 | @aCN@b110000 | |
| 200 | 1 | @a计算方法典型例题分析@Aji suan fang fa dian xing li ti fen xi@f孙志忠编著@Fsun zhi zhong bian zhu |
| 210 | @a北京@c科学出版社@d2001.03 | |
| 215 | @a259页@d24cm | |
| 606 | 0 | @a计算数学 |
| 690 | @aO241@v4 | |
| 701 | 0 | @a孙志忠@Asun zhi zhong@4编著 |
| 801 | 0 | @c20050913 |
| 905 | @a10447@dO241@eS9801 | |
| 计算方法典型例题分析/孙志忠编著.-北京:科学出版社,2001.03 |
| 259页;24cm |
| ISBN 7-03-008991-X:CNY 25.00 |
| ● |
| 相关链接 |
|
|
|
正题名:计算方法典型例题分析
索取号:O241/S9801
 
预约/预借
| 序号 | 登录号 | 条形码 | 馆藏地/架位号 | 状态 | 备注 |
| 1 | 550964 | 205509644 | 自科库401/401自科库 49排3列1层/ [索取号:O241/S9801] | 在馆 | |
| 2 | 550965 | 205509653 | 自科库401/401自科库 49排3列1层/ [索取号:O241/S9801] | 在馆 | |
| 3 | 550966 | 205509662 | 自科库401/401自科库 49排3列1层/ [索取号:O241/S9801] | 在馆 |